|
|
|
|
| LEADER |
00922cam a2200265 7i4500 |
| 001 |
0000073868 |
| 005 |
20221227090000.0 |
| 020 |
|
|
|a 0030975786
|
| 090 |
0 |
0 |
|a HD62.7
|b .K85 1997
|
| 100 |
1 |
|
|a Kuehl, Charles R
|
| 245 |
1 |
0 |
|a Small business :
|b planning and management
|c Charles R. Kuehl, Peggy Lambing.
|
| 250 |
|
|
|a Third edition.
|
| 264 |
|
|
|a Fort Worth:
|b The Dryden Press,
|c 1997.
|
| 300 |
|
|
|a xxiv, 851 pages:
|b illustrations;
|c 25 cm.
|
| 336 |
|
|
|a text
|2 rdacontent
|
| 337 |
|
|
|a unmediated
|2 rdamedia
|
| 338 |
|
|
|a volume
|2 rdacarrier
|
| 490 |
1 |
|
|a The Dryden Press series in management
|
| 500 |
|
|
|a Gift: Dr. Habrizah Hussin
|
| 504 |
|
|
|a Includes bibliographical references and index
|
| 650 |
0 |
0 |
|a Small business --
|x Planning
|
| 650 |
0 |
0 |
|a Small business --
|x Management
|
| 700 |
1 |
|
|a Lambing, Peggy A.
|
| 997 |
|
|
|a Business & Accountancy, Faculty
|
| 999 |
|
|
|a 0000069878
|b BOK
|c OPEN SHELF
|e 1st Floor, Shah Alam
|